000 00713nam a2200289Ia 4500
005 20260324141801.0
008 008 260324s9999 xx 000 0 eng d
020 _a9781315041803
037 _aEBOOK
040 _aCRL
040 _beng
040 _cCRL
041 _2eng
041 _aeng
084 _qCRL
100 _aRos Ollin; Elaine Smith
_91209494
245 0 _aPlanning, Delivering and Assessing GNVQs
245 2 _bA Practical Guide to Achieving the "G" Units
260 _bTaylor and Francis
260 _c1996
365 _a
365 _b300
856 _uhttp://www.taylorfrancis.com/books/9781315041803
942 _cEBOOK
999 _c1812949
_d1812949